Statistics for The 10 Richest People in the world

Click here to take the quiz!

General Stats

  • This quiz has been taken 83 times
  • The average score is 5 of 10

Answer Stats

Net WorthPerson% Correct
$190 BillionElon Musk
96%
$197.2 BillionJeff Bezos
89%
$132.5 BillionBill Gates
85%
$136.8 BillionMark Zuckerburg
55%
$103.6 BillionWarren Buffett
49%
$177.7 BillionBernard Arnault
25%
$123.7 BillionLarry Page
20%
$116.7 BillionLarry Ellison
19%
$119.3 BillionSergey Brin
19%
$97.1 BillionSteve Ballmer
5%

Score Distribution

Percentile by Number Answered

Percent of People with Each Score

Your Score History

You have not taken this quiz